| 000 | 00620nam a22002297a 4500 | ||
|---|---|---|---|
| 005 | 20170816120159.0 | ||
| 008 | 170816b xxu||||| |||| 00| 0 eng d | ||
| 020 |
_a9789350023228 _cRs.295.00 |
||
| 040 | _aLoreto College | ||
| 041 | _aEnglish | ||
| 082 |
_a954.04 _bPAT |
||
| 100 | _aPathak,Avijit | ||
| 245 |
_aIndian modernity _bContradictions,paradoxes and possibilities _cAvijit Pathak |
||
| 250 | _a2nd ed | ||
| 260 |
_aDelhi _bAakar Books _c2015 |
||
| 300 |
_a253p _b22cm |
||
| 504 | _aIncludes index | ||
| 650 | _aHistory,modern-India | ||
| 651 | _aIndia-History,modern | ||
| 850 | _aLCLIB | ||
| 942 | _cBK | ||
| 999 |
_c41196 _d91675 |
||